000 01376nam a2200241Ia 4500
003 Ost
005 20260507075439.0
008 260507s9999||||xx |||||||||||||| ||und||
020 _a9957330934
040 _cfsecg
041 _aara
082 _a310
100 _aالنعيمي، محمد عبد العال
_eمؤلف
245 0 _aالاحصاء المتقدم في دعم القرار :
_bبالتركيزعلى منظمات الاعمال الانتاجية /
_c محمد عبد العال النعيمي
260 _aعمان:
_bدار الوراق,
_c2007
300 _a465 صفحة؛
_bإيضاحات ؛
_c25 سم
504 _aببليوغرافيا: ص.443-446 الملاحق ص.447
520 _aمفاهيم عامة في اساليب وصيغ دعم القرار في منظمات الأعمال، الاحتمالات في دعم القرار، المتغيرات العشوائية والتوزيعات الاحتمالية، اختبار الفرضيات الاحصائية، استخدام توزيع (T) في اختبار الفرضيات، السلاسل الزمنية في دعم القرار، قياس الجودة والسيطرة عليها، المنهج الاحصائي ودوره في دعم القرار
653 _aادارة الاعمال
653 _aادارة الانتاج
653 _aالاحصاء
942 _cكتاب
999 _c44556
_d44556